000 00779nam a2200229 a 4500
001 72243
003 BD-RjUL
005 20211209082231.0
008 170516r19601958njua b 001 0 eng d
035 _a(BD-RjUL)72460
040 _aDLC/ICU
_cCGU
_dWSU
_dIAV
_dSER
_dOCL
_dFPU
_dCOU
_dUKM
_dBD-RjUL
_beng
041 _aeng
082 0 _a543
_223
_bWII 1960
100 1 _aWillard, Hobart H.
_q(Hobart Hurd),
_d1881-1974.
_9204793
245 1 0 _aInstrumental methods of analysis /
_cHobart H. Willard, Lynne L. Merritt Jr., and John A. Dean.
250 _a3rd ed.
260 _aPrinceton, N.J. :
_bVan Nostrand,
_cc1958 [Reprinted 1960]
300 _a626 p. :
_bill. ;
_c24 cm.
504 _aIncludes bibliography and index.
650 0 _aInstrumental analysis.
_9213622
942 _2ddc
_cBK
999 _c72243
_d72243